[Event "Steyr-ch"]
[Site "Steyr"]
[Date "2009.07.03"]
[Round "3"]
[White "Brandstetter, Dieter"]
[Black "Leichtfried, Hans Martin"]
[Result "1-0"]
[WhiteElo "2175"]
[BlackElo "2096"]
[PlyCount "47"]
[EventDate "2009.07.01"]
[EventType "swiss"]
[EventRounds "5"]
[EventCountry "AUT"]
[SourceTitle "CBM 131 Extra"]
[Source "ChessBase"]
[SourceDate "2009.09.03"]
[SourceVersion "2"]
[SourceVersionDate "2009.09.16"]
[SourceQuality "1"]

1. d4 d5 2. c4 c6 3. Nf3 Nf6 4. Nc3 e6 5. e3 Nbd7 6. Bd3 dxc4 7. Bxc4 b5 8. Bd3 Bb7 9. 0-0 a6 10. e4 c5 11. d5 c4 12. Bc2 Qc7 13. dxe6 fxe6 14. Ng5 Nc5 15. Be3 h6 16. Nxe6 Nxe6 17. e5 Qxe5 18. Bg6+ Ke7 19. Re1 Bc8 20. Qf3 Qb8 21. Rad1 Bd7 22. Nd5+ Nxd5 23. Qxd5 Qc8 24. Bg5+ 1-0

[Event "Schwarzach op-A 19th"]
[Site "Salzburg"]
[Date "2004.08.27"]
[Round "7"]
[White "Braun, Peter"]
[Black "Leichtfried, Hans Martin"]
[Result "1-0"]
[WhiteElo "2237"]
[BlackElo "2115"]
[PlyCount "65"]
[EventDate "2004.08.21"]
[EventType "swiss"]
[EventRounds "9"]
[EventCountry "AUT"]
[SourceTitle "CBM 102 Extra"]
[Source "ChessBase"]
[SourceDate "2004.11.03"]
[SourceVersion "1"]
[SourceVersionDate "2004.11.03"]
[SourceQuality "1"]

1. d4 d5 2. c4 c6 3. Nf3 Nf6 4. Nc3 e6 5. e3 Nbd7 6. Bd3 dxc4 7. Bxc4 b5 8. Bd3 Bb7 9. 0-0 a6 10. e4 c5 11. d5 Qb6 12. Re1 e5 13. Bc2 Bd6 14. Nh4 0-0 15. Nf5 Rfd8 16. Qf3 Bf8 17. a4 Ne8 18. Nd1 Nd6 19. a5 Qc7 20. Nde3 g6 21. Qg3 Kh8 22. Nxd6 Qxd6 23. Ng4 Bg7 24. Ra3 Rf8 25. Rf3 Rae8 26. Qh4 Bc8 27. Bh6 Qe7 28. Bxg7+ Kxg7 29. Qh6+ Kg8 30. d6 Qxd6 31. Rh3 Nf6 32. Nxf6+ Qxf6 33. Qxh7# 1-0